Daňové zaťaženie poľnohospodárstva zohľadňuje jeho špecifiká

Za rok 1996 odviedli poľnohospodári do štátneho rozpočtu, rsp. do rozpočtu obcí 1,4 mld. Sk na daniach. Daňové zaťaženie signalizuje diferencovaný dosah jednotlivých druhov daní na podnikateľské subjekty. Priame dane v poľnohospodárstve v r. 1996. Nepriame dane. Problémy a platením príspevkov do fon...

ver descrição completa

Na minha lista:
Detalhes bibliográficos
Autor principal: Chrastinová, Zuzana
Formato: Capítulo de Livro
Idioma:eslovaco
Assuntos:
Tags: Adicionar Tag
Sem tags, seja o primeiro a adicionar uma tag!

MARC

LEADER 00000naa a2200000 4500
001 r026904
005 20230921081151.0
041 0 |a slo 
044 |a SK 
245 1 0 |a Daňové zaťaženie poľnohospodárstva zohľadňuje jeho špecifiká  |c Zuzana Chrastinová 
520 |a Za rok 1996 odviedli poľnohospodári do štátneho rozpočtu, rsp. do rozpočtu obcí 1,4 mld. Sk na daniach. Daňové zaťaženie signalizuje diferencovaný dosah jednotlivých druhov daní na podnikateľské subjekty. Priame dane v poľnohospodárstve v r. 1996. Nepriame dane. Problémy a platením príspevkov do fondov.Možnosti daňových úľav alebo odpustenia daní v poľnohospodárstve. 
610 2 0 |a poľnohospodárstvo 
610 2 0 |a výroba poľnohospodárska 
610 2 0 |a zaťaženie daňové 
610 2 0 |a úľavy daňové 
610 2 0 |a dane priame 
610 2 0 |a dane nepriame 
610 2 0 |a odvody 
610 2 0 |a 1996 
100 1 |a Chrastinová, Zuzana